00401nam a2200157 a 4500008004100000020001500041050001600056100002100072245001900093246004500112260003400157300001500191350000900206490001100215650001700226120416s2000 ||||||||||||||||| || u a1861681291 aRC 1230 Dru aDonnellan, Craig10aDrugs in sport aissues (formerly issues in the nineties) aCambridgebIndependencec2000 a44p. : ill a0.00 aIssues aDRUGS--SPORT